ARRUPE JESUIT UNIVERSITY

CORONAVIRUS -STOP THE SPREAD - CLEAN,DISINFECT,COVER

Africa's Land Rush (Record no. 124122)

MARC details
000 -LEADER
fixed length control field 00757cam a22002535a 4500
001 - CONTROL NUMBER
control field 18773420
003 - CONTROL NUMBER IDENTIFIER
control field ARRUPE
005 - DATE AND TIME OF LATEST TRANSACTION
control field 20160509092758.0
008 - FIXED-LENGTH DATA ELEMENTS--GENERAL INFORMATION
fixed length control field 150905s2015 xx 000 0 eng
010 ## - LIBRARY OF CONGRESS CONTROL NUMBER
LC control number 2015472163
020 ## - INTERNATIONAL STANDARD BOOK NUMBER
International Standard Book Number 9781847011305
020 ## - INTERNATIONAL STANDARD BOOK NUMBER
International Standard Book Number 1847011306
040 ## - CATALOGING SOURCE
Original cataloging agency DLC
Transcribing agency DLC
042 ## - AUTHENTICATION CODE
Authentication code pcc
050 ## - LIBRARY OF CONGRESS CALL NUMBER
Classification number HD666.A258
300 ## - PHYSICAL DESCRIPTION
Dimensions 22cm.
245 00 - TITLE STATEMENT
Title Africa's Land Rush
Remainder of title Rural Livelihoods and Agrarian Change.
Statement of responsibility, etc Ruth Hall, Ian Scoones and Dzodzi Tsikata ed.
260 ## - PUBLICATION, DISTRIBUTION, ETC. (IMPRINT)
Name of publisher, distributor, etc James Currey Ltd
Date of publication, distribution, etc 2015.
300 ## - PHYSICAL DESCRIPTION
Extent xix, 204p.
650 #0 - SUBJECT ADDED ENTRY--TOPICAL TERM
Topical term or geographic name as entry element Land tenure
Geographic subdivision Africa.
9 (RLIN) 22151
650 #0 - SUBJECT ADDED ENTRY--TOPICAL TERM
Topical term or geographic name as entry element Land use, Rural
Geographic subdivision Africa.
9 (RLIN) 22152
906 ## - LOCAL DATA ELEMENT F, LDF (RLIN)
a 0
b ibc
c origres
d 2
e ncip
f 20
g y-gencatlg
942 ## - ADDED ENTRY ELEMENTS (KOHA)
Source of classification or shelving scheme Library of Congress Classification
Koha item type Monograph ( Printed materials)
Holdings
Withdrawn status Lost status Source of classification or shelving scheme Damaged status Not for loan Collection code Home library Current library Shelving location Date acquired Total Checkouts Full call number Barcode Date last seen Date checked out Price effective from Koha item type
    Library of Congress Classification     Main Collection ARRUPE LIBRARY ARRUPE LIBRARY Main Collection 09/02/2016 1 HD666.A258 46500006194 08/05/2018 14/03/2016 09/02/2016 Monograph ( Printed materials)
    Library of Congress Classification     Main Collection ARRUPE LIBRARY ARRUPE LIBRARY Main Collection 09/02/2016 1 HD666.A258 46500006195 08/05/2018 24/05/2016 09/02/2016 Monograph ( Printed materials)

 

Arrupe Library. PO Box MP320 Mt Pleasant, Harare, Zimbabwe
263 242 745411|librarian@aju.ac.zw